MARC

LEADER 00000nam0a2200000 4500
001 366816
005 20231102011923.0
035 |a (RuTPU)RU\TPU\retro\24179 
090 |a 366816 
100 |a 20220218d1980 km y0rusy50 ca 
101 0 |a rus 
102 |a RU 
105 |a a z 001zd 
200 1 |a О музыке  |e статьи и рецензии  |f С. В. Аксюк  |g авт. предисл. С. Разоренов 
210 |a Москва  |c Советский композитор  |d 1980 
215 |a 142 с.  |c портр. 
320 |a Библиогр.: с. 135-140 
600 1 |a Хренников  |b Т. Н.  |c русский композитор  |f 1913-  |g Тихон Николаевич  |2 stltpush  |3 (RuTPU)RU\TPU\pers\11082  |9 2457 
600 1 |a Барток  |b Б.  |c венгерский композитор, пианист и музыковед-фольклорист  |f 1881-1945  |g Бела  |2 stltpush  |3 (RuTPU)RU\TPU\pers\31775  |9 15886 
606 1 |a Музыковедение  |2 stltpush  |3 (RuTPU)RU\TPU\subj\44581  |9 63892 
610 1 |a музыка 
610 1 |a музыкальная культура 
610 1 |a музыкальное творчество 
610 1 |a музыкальные деятели 
610 1 |a композиторы 
610 1 |a опера 
610 1 |a балетные спектакли 
610 1 |a хороводные песни 
675 |a 78.072  |v 4 
700 1 |a Аксюк  |b С. В.  |g Сергей Васильевич 
702 1 |a Разоренов  |b С.  |4 080 
801 1 |a RU  |b 63413507  |c 20220218 
801 2 |a RU  |b 63413507  |c 20220218  |g RCR 
942 |c BK